Statistics for All WWE Iron Man Match Participants

Click here to take the quiz!

General Stats

  • This quiz has been taken 371 times
  • The average score is 14 of 25

Answer Stats

No. of MatchesLast MatchWrestler% Correct
22005Shawn Michaels
94%
12009John Cena
91%
22004Triple H
91%
12009Randy Orton
88%
11996Bret Hart
84%
32005Kurt Angle
83%
12003Brock Lesnar
82%
12000The Rock
79%
12018Seth Rollins
73%
22004Chris Benoit
71%
12016Charlotte Flair
68%
22016Sasha Banks
68%
12015Bayley
60%
12018Dolph Ziggler
56%
12017Jeff Hardy
54%
12017Sheamus
54%
12017Matt Hardy
53%
12017Cesaro
47%
12008The Miz
44%
22008John Morrison
29%
12005Charlie Haas
14%
12005Hardcore Holly
10%
12005Joey Mercury
9%
12008Jimmy Wang Yang
6%
12008Shannon Moore
6%

Score Distribution

Percentile by Number Answered

Percent of People with Each Score

Your Score History

You have not taken this quiz